Comercio internacional

Saved in:
Bibliographic Details
Main Authors: Feenstra, Robert C (Author), Taylor, Alan M (Author)
Format: Book
Language:Spanish
Published: Barcelona Reverté 2011
Edition:1a. ed
Subjects:
Tags: Add Tag
No Tags, Be the first to tag this record!

MARC

LEADER 00000cam a2200000 a 4500
001 UCD9018
003 CL-VaPUC
008 170602e20110000sp |||||||||||||||||spa|d
020 |a 9788429126488 
082 0 4 |a 382  |b FEE  |2 21 
100 |a Feenstra, Robert C  |e author  |9 592682 
700 0 |a Taylor, Alan M  |e author  |9 592683 
245 1 0 |a Comercio internacional 
250 |a 1a. ed 
300 |a 432 p 
942 |c BK 
945 |d 20170602 23:29:00  |a dcastane 
260 |a Barcelona  |b Reverté  |c 2011 
650 7 |a COMERCIO INTERNACIONAL  |2 CL-VaPUC  |9 592684 
650 7 |a SISTEMAS ECONOMICOS INTERNACIONALES  |2 CL-VaPUC  |9 338633 
650 0 |a Teoría económica  |9 315055 
583 |a last modification  |c 20170602 23:29:00  |k Rodrigo Vera 
999 |c 368323  |d 368321